00835 2200241 4500001002100000005001500021035002000036007000300056008004100059020002200100082001100122084001800133100002900151245021000180250003000390260003200420300005400452650001800506700001600524520002900540990001200569990001200581INLIS00000000000185620180404095246 a0010-0418000013ta180404 g 0 ind  a978-979-1254-52-6 a297.32 a297.32 SHA s0 aSHALIH, Ghanim as-Sadlan1 aShalat Jamaah :bHukum dan Manfaat Shalat Jamaah, Rincian Permasalahan Fikih Tentangnya, dan Koreksi Terhadap Kesalahan dalam Pelaksanaan Shalat Jamaah /cShalih bin Ghanim as-Sadlan; penerjemah Zuhdi Amin aed. indonesia.-- cet.5.-- aJakarta :bDarul Haq,c2017 aviii, 257 hlm. ;c24 cm. --Serial buku DH ke-209. aSALAT JAMA'AH0 aZUHDI, Amin abibliografi:hlm. 250-257 a16505 a a16505 b